000 01130cam a22002894a 4500
001 13136110
003 ARRUPE
005 20211015110812.0
008 030325s2004 nyua b 001 0 eng
010 _a 2003048628
020 _a0195131312 (pbk. : alk. paper)
040 _aDLC
_cDLC
_dDLC
042 _apcc
050 0 0 _aBD21
_b.J327 2004
082 0 0 _a100
_221
100 1 _aJacquette, Dale.
_928839
245 1 0 _aPathways in philosophy :
_ban introductory guide with readings /
_cDale Jacquette.
260 _aNew York :
_bOxford University Press,
_c2004.
300 _axv, 555 p. :
_bill. ;
_c24 cm.
504 _aIncludes bibliographical references and index.
650 0 _aPhilosophy
_vIntroductions.
_914761
856 4 2 _3Publisher description
_uhttp://www.loc.gov/catdir/enhancements/fy0614/2003048628-d.html
856 4 1 _3Table of contents only
_uhttp://www.loc.gov/catdir/enhancements/fy0614/2003048628-t.html
906 _a7
_bcbc
_corignew
_d1
_eocip
_f20
_gy-gencatlg
942 _2lcc
_cMONOGRAPH
999 _c130900
_d130900